Morning by morning : (Record no. 21175)
[ view plain ]
| 000 -LEADER | |
|---|---|
| fixed length control field | 01339cam a22003374a 4500 |
| 001 - CONTROL NUMBER | |
| control field | 14959288 |
| 003 - CONTROL NUMBER IDENTIFIER | |
| control field | OSt |
| 005 - DATE AND TIME OF LATEST TRANSACTION | |
| control field | 20260211155323.0 |
| 008 - FIXED-LENGTH DATA ELEMENTS--GENERAL INFORMATION | |
| fixed length control field | 070809s2007 ilu 000 0 eng |
| 010 ## - LIBRARY OF CONGRESS CONTROL NUMBER | |
| LC control number | 2007033105 |
| 020 ## - INTERNATIONAL STANDARD BOOK NUMBER | |
| International Standard Book Number | 9781581349818 |
| Qualifying information | trutone |
| 035 ## - SYSTEM CONTROL NUMBER | |
| System control number | 14959288 |
| 040 ## - CATALOGING SOURCE | |
| Original cataloging agency | DLC |
| Transcribing agency | DLC |
| Modifying agency | DLC |
| 050 00 - LIBRARY OF CONGRESS CALL NUMBER | |
| Classification number | BV4811 |
| Item number | .S6669 2007b |
| 082 00 - DEWEY DECIMAL CLASSIFICATION NUMBER | |
| Classification number | 242/.2 |
| Edition number | 22 |
| 100 1# - MAIN ENTRY--PERSONAL NAME | |
| Personal name | Spurgeon, C. H. |
| Fuller form of name | (Charles Haddon), |
| Dates associated with a name | 1834-1892. |
| 245 10 - TITLE STATEMENT | |
| Title | Morning by morning : |
| Remainder of title | a new edition of the classic devotional based on the Holy Bible, English standard version / |
| Statement of responsibility, etc. | Charles H. Spurgeon ; revised and updated by Alistair Begg. |
| 260 ## - PUBLICATION, DISTRIBUTION, ETC. (IMPRINT) | |
| Place of publication, distribution, etc. | Crossway Books : |
| Name of publisher, distributor, etc. | Wheaton, Ill., |
| Date of publication, distribution, etc. | c2007. |
| 300 ## - PHYSICAL DESCRIPTION | |
| Extent | 382 p. ; |
| Dimensions | 18 cm. |
| 336 ## - CONTENT TYPE | |
| Content type term | text |
| Content type code | txt |
| Source | rdacontent |
| 337 ## - MEDIA TYPE | |
| Media type term | unmediated |
| Media type code | n |
| Source | rdamedia |
| 338 ## - CARRIER TYPE | |
| Carrier type term | volume |
| Carrier type code | nc |
| Source | rdacarrier |
| 500 ## - GENERAL NOTE | |
| General note | "This book was formerly part of Morning and Evening, copyright 2003 by Alistair Begg." |
| 650 #0 - SUBJECT ADDED ENTRY--TOPICAL TERM | |
| Topical term or geographic name as entry element | Devotional calendars |
| General subdivision | Baptists. |
| 700 1# - ADDED ENTRY--PERSONAL NAME | |
| Personal name | Spurgeon, C. H. |
| Fuller form of name | (Charles Haddon), |
| Dates associated with a name | 1834-1892. |
| Title of a work | Morning and evening. |
| 700 1# - ADDED ENTRY--PERSONAL NAME | |
| Personal name | Begg, Alistair. |
| 906 ## - LOCAL DATA ELEMENT F, LDF (RLIN) | |
| a | 7 |
| b | cbc |
| c | orignew |
| d | 1 |
| e | ecip |
| f | 20 |
| g | y-gencatlg |
| 942 ## - ADDED ENTRY ELEMENTS (KOHA) | |
| Source of classification or shelving scheme | Library of Congress Classification |
| Koha item type | General Collection |
| Withdrawn status | Lost status | Source of classification or shelving scheme | Not for loan | Home library | Current library | Shelving location | Date acquired | Source of acquisition | Inventory number | Total Checkouts | Full call number | Barcode | Date last seen | Copy number | Price effective from | Koha item type |
|---|---|---|---|---|---|---|---|---|---|---|---|---|---|---|---|---|
| Library of Congress Classification | Kabarak, Main Campus | Kabarak, Main Campus | General Stacks | 11/02/2026 | Donation | 2025/3759 | BV4811 .S6669 2007 C.1 | 38353 | 11/02/2026 | C.1 | 11/02/2026 | General Collection |